Statistics for Quality of Life in EU Capital Cities

Click here to take the quiz!

General Stats

  • This quiz has been taken 91 times
  • The average score is 13 of 15

Answers on the Map

Answers color-coded by a green-red scale on the quiz's map according to % correct below.
 

Answer Stats

Answerpts.% Correct
London, United Kingdom7
98%
Vienna, Austria62
96%
Brussels, Belgium8
95%
Amsterdam, Netherlands9
94%
Copenhagen, Denmark39
94%
Dublin, Ireland24
94%
Helsinki, Finland59
94%
Stockholm, Sweden57
94%
Prague, Czech Republic12
91%
Tallinn, Estonia6
88%
Luxembourg, Luxembourg58
87%
Zagreb, Croatia9
79%
Vilnius, Lithuania10
74%
Ljubljana, Slovenia18
72%
Nicosia, Cyprus5
40%

Score Distribution

Percentile by Number Answered

Percent of People with Each Score

Your Score History

You have not taken this quiz